الرضا الوظيفي : (رقم التسجيلة. 143249)

تفاصيل مارك
000 -الفاتح
عناصر البيانات ثابتة الطول 00752cam a2200193 i 4500
005 - تاريخ ووقت آخر معاملة
حقل ضبط 20260127105358.0
008 - عناصر البيانات ثابتة الطول
عناصر البيانات ثابتة الطول 250721s2021 jo gr 000 0 ara d
020 ## - الترقيم الدولي المعياري للكتب (ردمك)
الترقيم الدولي المعياري للكتب (ردمك) 9789957968823
082 14 - رقم تصنيف ديوي العشري
رقم التصنيف 351.1
رقم المادة أ ط ب
100 1# - مدخل رئيسي – اسم شخصي
الاسم الشخصي اطبيقة، عبدالله محمد عبدالله
علاقة الشخص بالعمل/ دوره مؤلف.
245 12 - بيان العنوان
العنوان الرضا الوظيفي :
بقية العنوان للعاملين بمؤسسات الخدمة المجتمعية /
بيان المسؤولية دكتور عبدالله محمد عبدالله أطبيقة.
250 ## - بيان الطبعة
بيان الطبعة الطبعة الاولى.
264 31 - بيانات النشر، التوزيع…إلخ
مكان النشر، التوزيع...إلخ عمان :
اسم الناشر، الموزع...إلخ دار غيداء للنشر،
تاريخ النشر، التوزيع...إلخ 2021.
300 ## - الوصف المادي
عدد الوحدات المكونة للوعاء 170صفحة.
650 17 - مدخل إضافي بالموضوع - مصطلح موضوعي
مصطلح موضوعي أو اسم جغرافي كعنصر مدخل ادارة الافراد.
650 17 - مدخل إضافي بالموضوع - مصطلح موضوعي
مصطلح موضوعي أو اسم جغرافي كعنصر مدخل الرضا الوظيفي.
942 ## - بيانات إضافية (كوها)
نوع التنصيف Dewey Decimal Classification
نوع المادة (كوها) كتب
المقتنيات
حالة السحب حالة الفقدان مصدر التصنيف حالة التلف غير قابل للإعارة المكتبة الرئيسية المكتبة الحالية موقع الرف تاريخ التزويد الرقم المتسلسل Total Checkouts رقم الإستدعاء الباركود تاريخ آخر ظهور تاريخ الفاتورة نوع المادة (كوها)
    Dewey Decimal Classification     المكتبة المركزية المكتبة المركزية الإعارة 28/07/2025 1771414   351.1 / أ ط ب PLD00495688 28/07/2025 28/07/2025 كتب
Implemented & Customized by: BBB with SCIT (Smart Chains for Information Technology)

Powered by Koha